000 00742nam a2200217Ii 4500
003 JO-AjNU
008 230605s9999||||xx |||||||||||||| ||und||
017 _a38355
040 _aJO-AjNU
_bara
_erda
_cJO-AjNU
041 _aara
050 1 4 _aPJ6074.F33 2005
100 3 _aتاليف فاضل،عبد الحق,
_eauthor
_923935
245 0 0 _aقصص من اللغة
250 _aط1
264 3 1 _aعمان:دار زيد الكيلاني، 2005
300 _a225ص
336 _atext
_btxt
_2rdacontent
337 _aunmediated
_bn
_2rdamedia
338 _avolume
_bnc
_2rdacarrier
650 4 _aاللغة العربية-المعاجم- المفردات-المفردات-الكلمات-علم اصول الكلمات- الرموز
_923936
999 _aA8737
_c12305
_d12305